000 00611nam a2200229Ia 4500
003 OSt
005 20221005131530.0
006 a|||||r|||| 00| 0
007 ta
008 221004b |||||||| |||| 00| 0 eng d
024 _a40124
037 _cTextual
040 _aCRL
_cCRL
_beng
041 _2eng
_aeng
082 _aO:6K00:1, B9
100 _aMarvel John
_9639711
245 0 _aSplendid spur being memoirs of his adventures ed in modern English by Q
260 _c1889
650 _aENGLISH LITERATURE
942 _hO:6K00:1, B9
_cTEXL
_2cc
999 _c1060622
_d1060622